Podnikateľ a právo

Gespeichert in:
Bibliographische Detailangaben
Format: Schriftenreihe
Sprache:Slowakisch
Veröffentlicht: Žilina Komora komerčných právnikov SR
Schlagworte:
Tags: Tag hinzufügen
Keine Tags, Fügen Sie das erste Tag hinzu!

MARC

LEADER 00000nas1a2200000 4500
001 s120078
005 20250708100711.1
022 |a 1336-0280 
041 0 |a slo 
044 |a SK 
245 1 0 |a Podnikateľ a právo 
264 1 |a Žilina  |b Komora komerčných právnikov SR 
610 2 0 |a právo 
610 2 0 |a podnikatelia